Compendio de los sucesos ocurridos en el Ejército del Perú y sus provincias (1813-1816) / (Record no. 22717)

000 -CABECERA
fixed length control field 00976nam a22002537i 4500
003 - IDENTIFICADOR DEL NÚMERO DE CONTROL
control field AR-CdUCM
008 - DATOS DE LONGITUD FIJA--INFORMACIÓN GENERAL
fixed length control field 231016b20212021pe ||||| |||| 00| 0 spa d
020 ## - NÚMERO INTERNACIONAL ESTÁNDAR DEL LIBRO
ISBN 978-612-48745-0-5
040 ## - FUENTE DE LA CATALOGACIÓN
Agencia/entidad que catalogó originalmente la obra MUNICIPALIDAD PROVINCIAL DEL CUSCO
Entidad que transcribió la catalogación BIBLIOTECA MUNICIPAL DEL CUSCO
082 ## - NÚMERO DE LA CLASIFICACIÓN DECIMAL DEWEY
No. de Clasificación 985.04 / P49C
Notacion interna P49C
100 ## - ENTRADA PRINCIPAL--NOMBRE DE PERSONA
Nombre Personal De la Pezuela, Joaquín
245 ## - MENCIÓN DE TÍTULO
Título Compendio de los sucesos ocurridos en el Ejército del Perú y sus provincias (1813-1816) /
260 ## - PUBLICACIÓN, DISTRIBUCIÓN, ETC.
Lugar de publicación, distribución, etc. Lima :
Nombre de la editorial, distribuidor, etc. Ministerio de Cultura, Proyecto Especial Bicentenario de la Independencia del Perú,
Fecha de publicación, distribución, etc. 2021.
300 ## - DESCRIPCIÓN FÍSICA
Nº de Páginas Extensión 200 páginas. :
Dimensiones 20 cm.
505 ## - NOTA DE CONTENIDO CON FORMATO
Nota de contenido formateada Lecturas de la independencia -- El diario de campaña de un general realista -- Primera y segunda parte
650 ## - PUNTO DE ACCESO ADICIONAL DE MATERIA--TÉRMINO DE MATERIA
Descriptor Independencia
9 (RLIN) 625
650 ## - PUNTO DE ACCESO ADICIONAL DE MATERIA--TÉRMINO DE MATERIA
Descriptor Realista
9 (RLIN) 49234
650 ## - PUNTO DE ACCESO ADICIONAL DE MATERIA--TÉRMINO DE MATERIA
Descriptor General
9 (RLIN) 19107
650 ## - PUNTO DE ACCESO ADICIONAL DE MATERIA--TÉRMINO DE MATERIA
Descriptor Diario de campaña
9 (RLIN) 49235
856 ## - LOCALIZACIÓN Y ACCESO ELECTRÓNICOS
Dirección electrónica www.bicentenario.gob.pe
942 ## - ELEMENTOS DE PUNTO DE ACCESO ADICIONAL (KOHA)
Fuente de clasificación
Tipo de item Libros-BMC
945 ## - PROCESAMIENTO DE INFORMACIÓN LOCAL (OCLC)
Catalogador pebm
AAAA-MM-DD - Fecha de ingreso o modificacion 2023-10-16
Holdings
Estado de retiro (separado) Fuente de clasificación o esquema de estanterías Estado dañado Ubicación Sala donde se ubica Nombre de la colección Fecha de adquisición o compra Fuente de adquisición Costo, precio normal en soles Signatura topográfica Código de Barras Última vez visto (Koha) Tipo de ítem (Koha)
No     Sala Humanidades Sala Humanidades Book Cart 2023-10-16 Donación 15.00 985.04 / P49C SH0000016547 2023-10-16 Libros-BMC

Powered by Koha